[Event "4NCL Division 3 North"]
[Site "Bolton, ENG"]
[Date "2017.01.14"]
[Round "3.42"]
[White "Timson, Paul F"]
[Black "Naylor, Michael A"]
[Result "0-1"]
[WhiteElo "2065"]
[BlackElo "1930"]
[PlyCount "54"]
[EventDate "2017.01.14"]
[WhiteTeam "Manchester Manticores 2"]
[BlackTeam "Ashfield Breadsall 2"]

1. d4 d5 2. c4 e6 3. Nc3 Be7 4. Nf3 Nf6 5. cxd5 exd5 6. Bg5 c6 7. e3 Bf5 8. Bd3
Bxd3 9. Qxd3 Nbd7 10. O-O O-O 11. Rab1 Ne4 12. Bxe7 Qxe7 13. Nd2 f5 14. f3 Nd6
15. Rbe1 Nf6 16. e4 fxe4 17. fxe4 dxe4 18. Ndxe4 Nfxe4 19. Rxf8+ Rxf8 20. Nxe4
Re8 21. Nxd6 Qxe1+ 22. Qf1 Qxf1+ 23. Kxf1 Re7 24. Nc8 Rc7 25. Nd6 Rd7 26. Nc8
Rxd4 27. Nxa7 Rd8 0-1

[Event "4NCL Division 3 North"]
[Site "Bolton, ENG"]
[Date "2017.01.14"]
[Round "3.44"]
[White "Flores, Marcial"]
[Black "Taylor, Robert P"]
[Result "0-1"]
[WhiteElo "2065"]
[BlackElo "1874"]
[PlyCount "72"]
[EventDate "2017.01.14"]
[WhiteTeam "Manchester Manticores 2"]
[BlackTeam "Ashfield Breadsall 2"]

1. Nf3 d5 2. g3 c6 3. Bg2 Nf6 4. O-O Bf5 5. b3 e6 6. Bb2 Nbd7 7. d3 Bd6 8. Nbd2
O-O 9. e4 dxe4 10. dxe4 Bxe4 11. Nxe4 Nxe4 12. Qe2 Nef6 13. Rad1 Qc7 14. Ng5
Rfe8 15. Ne4 Be7 16. h4 Rad8 17. h5 Nxe4 18. Bxe4 Bf6 19. Bc1 Nb6 20. Qf3 Nd5
21. h6 Nc3 22. Rxd8 Qxd8 23. hxg7 Nxe4 24. Qxe4 Bxg7 25. Be3 a6 26. Qg4 Qf6 27.
Kg2 Rd8 28. Rh1 Qg6 29. Qc4 Qf5 30. Qh4 Bf6 31. Qh6 Qe4+ 32. Kh2 Rd5 33. Re1
Qf3 34. g4 Be5+ 35. Kg1 Qxg4+ 36. Kh1 Qf3+ 0-1

[Event "4NCL Division 3 North"]
[Site "Bolton, ENG"]
[Date "2017.01.14"]
[Round "3.64"]
[White "Cooper, John G"]
[Black "Clarke, Paul Rh"]
[Result "0-1"]
[WhiteElo "1959"]
[BlackElo "1729"]
[PlyCount "76"]
[EventDate "2017.01.14"]
[WhiteTeam "Spirit of Atticus B"]
[BlackTeam "Bradford DCA Knights C"]

1. e4 d5 2. exd5 Qxd5 3. Nc3 Qd8 4. d4 Nf6 5. Bc4 a6 6. a4 Nc6 7. Nge2 Bf5 8.
Be3 Nb4 9. Bb3 e6 10. Ng3 Bg6 11. Nce2 Be7 12. Nf4 Nbd5 13. O-O O-O 14. Nxg6
hxg6 15. c4 Nxe3 16. fxe3 c5 17. d5 Qb6 18. a5 Qd6 19. e4 Rad8 20. Qe2 Nd7 21.
Rad1 Bh4 22. dxe6 Qxe6 23. Nh1 Nf6 24. g3 Bg5 25. Nf2 Rfe8 26. Ba4 Rf8 27. Rfe1
Qe5 28. Qc2 Rxd1 29. Rxd1 Be3 30. Re1 Ng4 31. Rxe3 Nxe3 32. Qd3 Qd4 33. Qxd4
cxd4 34. b3 Rd8 35. Nd3 f6 36. h3 Nd1 37. Kf1 Nc3 38. Nc5 d3 0-1

[Event "4NCL Division 3 North"]
[Site "Bolton, ENG"]
[Date "2017.01.14"]
[Round "3.65"]
[White "Grobler, David"]
[Black "Buckley, Colm"]
[Result "0-1"]
[WhiteElo "1697"]
[BlackElo "1915"]
[PlyCount "48"]
[EventDate "2017.01.14"]
[WhiteTeam "Bradford DCA Knights C"]
[BlackTeam "Spirit of Atticus B"]

1. e4 e6 2. d4 d5 3. e5 c5 4. c3 Nc6 5. Nf3 Nge7 6. Bd3 cxd4 7. cxd4 Bd7 8. a3
Qb6 9. Nc3 Nxd4 10. Nxd4 Qxd4 11. Qe2 a6 12. O-O Ng6 13. Re1 Be7 14. g3 Rc8 15.
h4 Bc5 16. h5 Nxe5 17. Qxe5 Qxf2+ 18. Kh1 Bd4 19. Qe2 Qxg3 20. Be3 Bxc3 21.
bxc3 Rxc3 22. Rec1 Rxc1+ 23. Rxc1 Bc6 24. Bd4 Qh4+ 0-1

[Event "4NCL Division 3 North"]
[Site "Bolton, ENG"]
[Date "2017.01.14"]
[Round "3.206"]
[White "Nezis, Anastasios"]
[Black "Slinger, Tony J"]
[Result "1/2-1/2"]
[WhiteElo "1904"]
[BlackElo "1911"]
[PlyCount "39"]
[EventDate "2017.01.14"]
[WhiteTeam "Jorvik"]
[BlackTeam "Bradford DCA Knights B"]

1. e4 e5 2. Nf3 Nc6 3. Bc4 Nf6 4. d3 Be7 5. O-O O-O 6. c3 d6 7. h3 Na5 8. Bb3
Nxb3 9. axb3 h6 10. Na3 Re8 11. Nc4 Bf8 12. Be3 b6 13. b4 Bb7 14. Bd2 a6 15.
Qc2 g6 16. Rad1 Bg7 17. Rfe1 Qd7 18. Kh2 Qe6 19. b3 Qd7 20. Qc1 1/2-1/2

[Event "4NCL Division 3 North"]
[Site "Bolton, ENG"]
[Date "2017.02.12"]
[Round "6.11"]
[White "Jessel, Stephen"]
[Black "Polaczek, Richard"]
[Result "1/2-1/2"]
[WhiteElo "2382"]
[BlackElo "2409"]
[PlyCount "73"]
[EventDate "2017.02.12"]
[WhiteTeam "Gonzaga"]
[BlackTeam "Manchester Manticores 1"]

1. Nf3 d5 2. c4 d4 3. g3 Nc6 4. Bg2 e5 5. d3 Nf6 6. O-O a5 7. e3 Bc5 8. exd4
Bxd4 9. Nxd4 Nxd4 10. h3 O-O 11. Nc3 Bd7 12. f4 Bc6 13. fxe5 Bxg2 14. Kxg2 Nd7
15. Bf4 Re8 16. Qd2 Nxe5 17. Rae1 f6 18. Bxe5 Rxe5 19. Rxe5 fxe5 20. Qe3 Qd6
21. Ne4 Qg6 22. Ng5 Re8 23. h4 h6 24. Qe4 Qxe4+ 25. Nxe4 Nc2 26. Rc1 Nb4 27.
Nf2 Rd8 28. Re1 Nxd3 29. Nxd3 Rxd3 30. Rxe5 Rd2+ 31. Kf3 Rxb2 32. Rxa5 Rc2 33.
Ra7 Rc3+ 34. Kg2 Rxc4 35. Rxb7 Rc2+ 36. Kf3 Rxa2 37. Rxc7 1/2-1/2

[Event "4NCL Division 3 North"]
[Site "Bolton, ENG"]
[Date "2017.02.12"]
[Round "6.12"]
[White "Macklin, Paul"]
[Black "Li, Henry"]
[Result "1-0"]
[WhiteElo "2372"]
[BlackElo "2243"]
[PlyCount "119"]
[EventDate "2017.02.12"]
[WhiteTeam "Manchester Manticores 1"]
[BlackTeam "Gonzaga"]

1. e4 e5 2. Bb5 c6 3. Ba4 Nf6 4. d3 Be7 5. Nf3 O-O 6. O-O Na6 7. c3 Qc7 8. Re1
d6 9. h3 Bd7 10. Nbd2 Rfe8 11. Nf1 Bf8 12. Ng3 g6 13. d4 Bg7 14. Bc2 c5 15. Be3
Bc6 16. dxe5 dxe5 17. Qe2 b5 18. a4 Qb7 19. axb5 Bxb5 20. Bd3 Bxd3 21. Qxd3 Re6
22. Qc4 Rc8 23. Ng5 Rec6 24. Red1 h6 25. Nf3 Ne8 26. Rd2 Nd6 27. Qa4 Qb5 28.
Qxb5 Nxb5 29. Rd5 Nbc7 30. Nxe5 Re6 31. Nc4 f5 32. exf5 Nxd5 33. fxe6 Nxe3 34.
Nxe3 Rc6 35. e7 Kf7 36. Nd5 Nc7 37. Re1 Ke8 38. Nxc7+ Rxc7 39. Re6 Rxe7 40.
Rxg6 Bf8 41. Kf1 Rb7 42. Re6+ Kf7 43. Re2 a5 44. Nf5 a4 45. Ne3 a3 46. bxa3
Rb1+ 47. Re1 Rb3 48. Ra1 Rxc3 49. a4 Bg7 50. a5 Rb3 51. Ra2 Rb7 52. a6 Ra7 53.
Ke2 Ke6 54. Kd3 Kd7 55. Kc4 Kc6 56. Nd5 Bf8 57. f4 Bd6 58. f5 Bb8 59. f6 Kd6
60. Rf2 1-0

[Event "4NCL Division 3 North"]
[Site "Bolton, ENG"]
[Date "2017.02.12"]
[Round "6.13"]
[White "Delaney, Killian"]
[Black "Jaunooby, Ali R"]
[Result "1-0"]
[WhiteElo "2235"]
[BlackElo "2260"]
[Annotator "Barnes,Lara"]
[PlyCount "71"]
[EventDate "2017.02.12"]
[WhiteTeam "Gonzaga"]
[BlackTeam "Manchester Manticores 1"]

1. e4 d6 2. d4 Nf6 3. Nc3 g6 4. Bg5 Bg7 5. Qd2 h6 6. Bf4 g5 7. Bg3 Nh5 8. O-O-O
Nc6 9. d5 Ne5 10. Be2 g4 11. f4 Nxg3 12. hxg3 Ng6 13. Bb5+ Kf8 14. Nge2 a6 15.
Bd3 c5 16. e5 dxe5 17. f5 e4 18. fxg6 exd3 19. Qxd3 e5 20. gxf7 Qg5+ 21. Kb1
Bf5 22. Qc4 Qe3 23. d6 b5 24. Qd5 Rd8 25. Rhf1 Bd7 26. Rd3 Qg5 27. Ne4 Qg6 28.
Nxc5 Bf6 29. Nc3 Kg7 30. N3e4 Bf5 31. Ne6+ Bxe6 32. Qxe6 Qxe4 33. Qxf6+ Kh7 34.
Rdd1 Rhf8 35. d7 Qg6 36. Qxd8 1-0

[Event "4NCL Division 3 North"]
[Site "Bolton, ENG"]
[Date "2017.02.12"]
[Round "6.14"]
[White "Whitehead, Mark A"]
[Black "Freeman, Gordon"]
[Result "1-0"]
[WhiteElo "1990"]
[BlackElo "2128"]
[PlyCount "131"]
[EventDate "2017.02.12"]
[WhiteTeam "Manchester Manticores 1"]
[BlackTeam "Gonzaga"]

1. e4 d6 2. Nc3 e5 3. g3 Nc6 4. Bg2 h5 5. h3 h4 6. g4 Be7 7. Nd5 Be6 8. c3 Bf6
9. d3 Nce7 10. g5 Nxd5 11. exd5 Bf5 12. gxf6 Qxf6 13. Be4 Bd7 14. Nf3 Qe7 15.
Bg5 Qf8 16. Nxh4 Ne7 17. Qf3 O-O-O 18. Nf5 f6 19. Be3 Kb8 20. O-O-O Nc8 21. Qg2
Rg8 22. f4 g6 23. Nh4 exf4 24. Bd2 f5 25. Nxg6 Qf6 26. Bf3 Rxg6 27. Qf2 Rh8 28.
Bxf4 Rg7 29. Rdg1 Rxg1+ 30. Qxg1 Qh4 31. Bg5 Qa4 32. Qd4 Qxd4 33. cxd4 Be8 34.
h4 Nb6 35. h5 Nd7 36. h6 Nf8 37. Bf6 Rh7 38. Bg7 Ng6 39. Bh5 Bf7 40. Rg1 Nh8
41. Bxh8 Rxh6 42. Bxf7 Rxh8 43. Rf1 b5 44. Rxf5 Rh1+ 45. Kc2 Rh2+ 46. Kc3 a5
47. Be8 b4+ 48. Kb3 Rh3 49. Bb5 Kb7 50. a3 Kb6 51. Bc4 bxa3 52. bxa3 Rh8 53.
Ka4 Rh1 54. Rf8 Ka7 55. Kxa5 Ra1 56. a4 Rb1 57. Bb5 Rg1 58. Rf7 Kb8 59. Bc6 Rg8
60. Rf2 Ka7 61. Rb2 Rg5 62. Rb7+ Ka8 63. Rxc7+ Kb8 64. Re7 Rg2 65. Kb6 Rb2+ 66.
Bb5 1-0

[Event "4NCL Division 3 North"]
[Site "Bolton, ENG"]
[Date "2017.02.12"]
[Round "6.15"]
[White "Moran, Stephen"]
[Black "Mazek, Marek"]
[Result "0-1"]
[WhiteElo "2158"]
[BlackElo "2110"]
[Annotator "Barnes,Lara"]
[PlyCount "84"]
[EventDate "2017.02.12"]
[WhiteTeam "Gonzaga"]
[BlackTeam "Manchester Manticores 1"]

1. d4 Nf6 2. c4 e6 3. Nc3 Bb4 4. e3 c5 5. Nge2 b6 6. a3 Ba5 7. Rb1 Na6 8. g3
Bb7 9. d5 b5 10. Bg2 bxc4 11. O-O O-O 12. e4 exd5 13. e5 Ng4 14. f4 d6 15. h3
dxe5 16. hxg4 e4 17. f5 Re8 18. Qa4 Bb6 19. Nxd5 Qxd5 20. Rd1 Qc6 21. Qxc4 Nc7
22. Nc3 Ba6 23. Bxe4 Qf6 24. g5 Qe5 25. Bf4 Qxf4 26. gxf4 Bxc4 27. Bxa8 Rxa8
28. Rd7 Nb5 29. Kh2 Nd4 30. Nd5 Nxf5 31. Rd1 Bxd5 32. R1xd5 g6 33. Rb7 Re8 34.
Rdd7 Rf8 35. Kg2 h6 36. gxh6 Nxh6 37. Kf3 Re8 38. f5 gxf5 39. Kf4 Re4+ 40. Kg5
Kg7 41. Rd6 Rg4+ 42. Kh5 Ng8 0-1

[Event "4NCL Division 3 North"]
[Site "Bolton, ENG"]
[Date "2017.02.12"]
[Round "6.16"]
[White "Peacock, Malcolm R"]
[Black "Murray, David"]
[Result "0-1"]
[WhiteElo "2125"]
[BlackElo "2145"]
[PlyCount "98"]
[EventDate "2017.02.12"]
[WhiteTeam "Manchester Manticores 1"]
[BlackTeam "Gonzaga"]

1. c4 e5 2. g3 Nc6 3. Bg2 f5 4. Nc3 Nf6 5. d3 Bb4 6. Bd2 O-O 7. Nf3 d6 8. O-O
Bxc3 9. Bxc3 Qe8 10. e3 Qh5 11. d4 e4 12. d5 Ng4 13. Nh4 Nce5 14. h3 Nf6 15.
Qxh5 Nxh5 16. Bxe5 dxe5 17. g4 fxg4 18. hxg4 Bxg4 19. Bxe4 g5 20. Ng2 Nf6 21.
f3 Nxe4 22. fxg4 Rxf1+ 23. Rxf1 Rf8 24. Rxf8+ Kxf8 25. Kh2 Ke7 26. b3 Nc3 27.
a4 Ne4 28. Ne1 Kd6 29. Nf3 h6 30. Kg2 a5 31. Kh3 Nf2+ 32. Kg3 Nd1 33. e4 Nc3
34. Nd2 Kc5 35. Kf3 Kd4 36. c5 Kxc5 37. Ke3 Kb4 38. Nc4 Nxa4 39. Nxe5 Kxb3 40.
Kd4 Nc3 41. Nd3 b6 42. e5 Nb5+ 43. Ke4 a4 44. Nc1+ Kc4 45. e6 Nc3+ 46. Kf5 Nxd5
47. Kg6 b5 48. Kxh6 b4 49. Kxg5 b3 0-1

[Event "4NCL Division 3 North"]
[Site "Bolton, ENG"]
[Date "2017.02.12"]
[Round "6.21"]
[White "Parligras, Mircea-Emilian"]
[Black "Edwards, Simon R"]
[Result "1-0"]
[WhiteElo "2603"]
[BlackElo "2087"]
[PlyCount "77"]
[EventDate "2017.02.12"]
[WhiteTeam "Manx Liberty"]
[BlackTeam "Cheddleton 2"]

1. d4 Nf6 2. c4 c5 3. d5 b5 4. cxb5 a6 5. bxa6 g6 6. Nc3 Bxa6 7. Nf3 d6 8. e4
Bxf1 9. Kxf1 Bg7 10. g3 O-O 11. Kg2 Nbd7 12. a4 Ng4 13. Qe2 Qa5 14. Nd2 Bxc3
15. bxc3 Ngf6 16. Nc4 Qxc3 17. Bb2 Qb3 18. Ra3 Qb7 19. h4 Rfb8 20. a5 Qa6 21.
Bc3 Rb7 22. Re1 Rab8 23. Qa2 h5 24. Nd2 Ng4 25. f4 Qd3 26. Ba1 Qa6 27. Qc4 Qa8
28. Bc3 Ra7 29. Kg1 Rbb7 30. Raa1 Nb8 31. e5 dxe5 32. fxe5 Rd7 33. Rab1 Na6 34.
e6 Rxd5 35. exf7+ Kxf7 36. Ne4 Nb4 37. Nxc5 Nc2 38. Rf1+ Kg8 39. Qxd5+ 1-0

[Event "4NCL Division 3 North"]
[Site "Bolton, ENG"]
[Date "2017.02.12"]
[Round "6.22"]
[White "Richardson, Alex"]
[Black "Galyas, Miklos"]
[Result "0-1"]
[WhiteElo "2142"]
[BlackElo "2494"]
[Annotator "Barnes,Lara"]
[PlyCount "82"]
[EventDate "2017.02.12"]
[WhiteTeam "Cheddleton 2"]
[BlackTeam "Manx Liberty"]

1. d4 d6 2. Nf3 g6 3. g3 Bg7 4. Bg2 f5 5. O-O Nf6 6. b3 O-O 7. Bb2 c6 8. Nbd2
a5 9. c4 Na6 10. Qc2 Qc7 11. a3 Re8 12. Rad1 e5 13. c5 e4 14. cxd6 Qxd6 15. Nc4
Qc7 16. Nfe5 Be6 17. Bc3 b6 18. Rc1 Rac8 19. Rfd1 Red8 20. Ne3 Nd5 21. Nxd5
Bxd5 22. Nc4 a4 23. Qb2 axb3 24. Nd2 Qf7 25. Rb1 c5 26. Nxb3 Bxb3 27. Qxb3 Qxb3
28. Rxb3 cxd4 29. Bd2 Rc6 30. Rdb1 Rdd6 31. f3 Nc5 32. Rb5 e3 33. Bb4 f4 34.
gxf4 d3 35. exd3 e2 36. Bxc5 Rxc5 37. Kf2 Rc2 38. Re1 Bd4+ 39. Kg3 Bc3 40. Kf2
Bxe1+ 41. Kxe1 Rxd3 0-1

[Event "4NCL Division 3 North"]
[Site "Bolton, ENG"]
[Date "2017.02.12"]
[Round "6.23"]
[White "Kolbus, Dietmar"]
[Black "Boswell, Jacob Connor"]
[Result "1-0"]
[WhiteElo "2308"]
[BlackElo "1952"]
[PlyCount "81"]
[EventDate "2017.02.12"]
[WhiteTeam "Manx Liberty"]
[BlackTeam "Cheddleton 2"]

1. c4 e5 2. g3 Nf6 3. Bg2 c6 4. Nf3 e4 5. Nd4 d5 6. cxd5 cxd5 7. O-O Bc5 8. Nb3
Bb6 9. Nc3 Bf5 10. d3 O-O 11. Bg5 exd3 12. Nxd5 dxe2 13. Qxe2 Be6 14. Nxf6+
gxf6 15. Bh6 Re8 16. Rfd1 Qe7 17. Nd4 Na6 18. Qf3 Rad8 19. Nf5 Bxf5 20. Qxf5
Qe6 21. Qxe6 fxe6 22. Bxb7 Nb4 23. Be4 Rd4 24. Rxd4 Bxd4 25. Bd2 a5 26. Bc3 Rd8
27. Kf1 Bxc3 28. bxc3 Na6 29. Ke2 Nc5 30. Bc2 Kf7 31. Rb1 a4 32. Rb5 Rc8 33.
Ra5 Rc7 34. Kd2 Rd7+ 35. Ke3 Rc7 36. c4 Nd7 37. Bd3 Nb6 38. Kd4 h6 39. Rb5 Nd7
40. f4 Ke7 41. c5 1-0

[Event "4NCL Division 3 North"]
[Site "Bolton, ENG"]
[Date "2017.02.12"]
[Round "6.24"]
[White "Davison, Colin F S"]
[Black "Haslinger, Gareth J"]
[Result "1/2-1/2"]
[WhiteElo "1924"]
[BlackElo "2070"]
[PlyCount "63"]
[EventDate "2017.02.12"]
[WhiteTeam "Cheddleton 2"]
[BlackTeam "Manx Liberty"]

1. c4 f5 2. Nf3 Nf6 3. g3 e6 4. Bg2 d5 5. O-O c6 6. b3 a5 7. Bb2 Be7 8. d3 O-O
9. Nbd2 Na6 10. Ne5 Nc5 11. Qc2 Ng4 12. Nxg4 fxg4 13. d4 Nd7 14. e4 Nf6 15. e5
Nd7 16. Rad1 a4 17. h3 gxh3 18. Bxh3 Nb8 19. Nb1 axb3 20. axb3 Qe8 21. Nc3 Qh5
22. Bg2 Bd7 23. Na4 Be8 24. Ra1 Bg6 25. Qd1 Qxd1 26. Rfxd1 Nd7 27. Re1 Bf5 28.
c5 Bg5 29. f4 Be7 30. Nc3 h5 31. Bf3 g6 32. Kf2 1/2-1/2

[Event "4NCL Division 3 North"]
[Site "Bolton, ENG"]
[Date "2017.02.12"]
[Round "6.25"]
[White "Haslinger, J Mike"]
[Black "Armstrong, William G"]
[Result "0-1"]
[WhiteElo "1787"]
[BlackElo "1837"]
[PlyCount "98"]
[EventDate "2017.02.12"]
[WhiteTeam "Manx Liberty"]
[BlackTeam "Cheddleton 2"]

1. d4 Nf6 2. Nf3 g6 3. Nc3 d5 4. Bf4 Bg7 5. e3 O-O 6. Be2 c5 7. Ne5 cxd4 8.
exd4 Ne4 9. Nxe4 dxe4 10. Qd2 f6 11. Nc4 b5 12. Na3 a6 13. Rd1 Bb7 14. d5 Nd7
15. c4 bxc4 16. Nxc4 a5 17. O-O Ba6 18. Rfe1 f5 19. Bh6 Bxh6 20. Qxh6 Bxc4 21.
Bxc4 Nb6 22. Bb5 Rf6 23. Bc6 Qf8 24. Qe3 Rb8 25. Qc5 Rd6 26. b3 Qd8 27. Qxa5 e6
28. Rd2 exd5 29. Red1 Rxc6 30. h3 Rd6 31. a4 d4 32. Qe5 d3 33. f3 Qf6 34. Qxf6
Rxf6 35. fxe4 fxe4 36. Re1 Nxa4 37. bxa4 Rb4 38. a5 Kf7 39. Ra2 Rd4 40. a6 d2
41. Rb1 d1=Q+ 42. Rxd1 Rxd1+ 43. Kh2 Rd8 44. a7 Ra8 45. Ra4 e3 46. Re4 Re6 47.
Rxe6 Kxe6 48. Kg3 Rxa7 49. Kf3 Ra3 0-1

[Event "4NCL Division 3 North"]
[Site "Bolton, ENG"]
[Date "2017.02.12"]
[Round "6.26"]
[White "Emmerton, Stephen J"]
[Black "Griffin, John"]
[Result "0-1"]
[WhiteElo "1777"]
[BlackElo "1622"]
[Annotator "Barnes,Lara"]
[PlyCount "92"]
[EventDate "2017.02.12"]
[WhiteTeam "Cheddleton 2"]
[BlackTeam "Manx Liberty"]

1. e4 e6 2. d4 d5 3. Nd2 c5 4. c3 Nc6 5. Ngf3 Qb6 6. exd5 exd5 7. Nb3 c4 8.
Nbd2 Bd6 9. Be2 Nf6 10. O-O O-O 11. h3 Qc7 12. Re1 Bd7 13. Nf1 b5 14. Ne3 Ne4
15. Nxd5 Qc8 16. Bf4 Bxh3 17. Bxd6 Nxd6 18. gxh3 Qxh3 19. Bf1 Qg4+ 20. Bg2 Rae8
21. Rxe8 Rxe8 22. Ne3 Qh5 23. Nh2 Qg6 24. Qg4 Qxg4 25. Nhxg4 Nd8 26. Kf1 f5 27.
Ne5 f4 28. Bd5+ Ne6 29. Bxe6+ Rxe6 30. Nd5 g5 31. Re1 h5 32. Nd7 Rxe1+ 33. Kxe1
h4 34. N7f6+ Kf7 35. Ke2 a5 36. Kf3 b4 37. cxb4 axb4 38. Ne4 Ke6 39. Nxb4 Nxe4
40. Kxe4 h3 41. d5+ Kd6 42. Kf3 g4+ 43. Kxf4 h2 44. Kxg4 h1=Q 45. f4 Qg2+ 46.
Kh5 Qxb2 0-1

[Event "4NCL Division 3 North"]
[Site "Bolton, ENG"]
[Date "2017.02.12"]
[Round "6.31"]
[White "McCarthy, Damian"]
[Black "Gheorghiu, Calin"]
[Result "0-1"]
[WhiteElo "1881"]
[BlackElo "2312"]
[PlyCount "90"]
[EventDate "2017.02.12"]
[WhiteTeam "Bradford DCA Knights B"]
[BlackTeam "Hounds and Bears"]

1. e4 e6 2. d4 d5 3. Nc3 Nf6 4. Bg5 dxe4 5. Nxe4 Be7 6. Bxf6 gxf6 7. Nf3 f5 8.
Nc3 a6 9. g3 b5 10. Bg2 Bb7 11. a3 Qd6 12. O-O Nd7 13. Re1 c5 14. dxc5 Qxc5 15.
Qd4 O-O-O 16. Qxc5+ Nxc5 17. Ne5 Rd2 18. Bxb7+ Kxb7 19. Re2 Rxe2 20. Nxe2 Bf6
21. f4 Rd8 22. Kf2 Bxe5 23. fxe5 Rd5 24. Kf3 Ne4 25. Rc1 Rxe5 26. Rd1 Kc7 27.
c3 Nf6 28. Nd4 Rd5 29. Re1 Ng4 30. h3 Ne5+ 31. Kg2 Nc4 32. Re2 Nd6 33. Nf3 Rd1
34. Ne5 f6 35. Nf3 e5 36. Nd2 Kc6 37. Kf3 Kd5 38. Ke3 Rh1 39. h4 Rh3 40. Nf1
f4+ 41. Kf3 fxg3 42. Kg4 Rh1 43. Rd2+ Ke6 44. Nxg3 Rg1 45. Rd3 Ne4 0-1

[Event "4NCL Division 3 North"]
[Site "Bolton, ENG"]
[Date "2017.02.12"]
[Round "6.32"]
[White "Sanghera, Parminder"]
[Black "Barker, Arron"]
[Result "1-0"]
[WhiteElo "2260"]
[BlackElo "1907"]
[Annotator "Barnes,Lara"]
[PlyCount "79"]
[EventDate "2017.02.12"]
[WhiteTeam "Hounds and Bears"]
[BlackTeam "Bradford DCA Knights B"]

1. Nf3 c5 2. c3 Nf6 3. d4 cxd4 4. cxd4 d5 5. Nc3 e6 6. Bf4 Bd6 7. Bxd6 Qxd6 8.
e3 Nc6 9. Be2 O-O 10. O-O a6 11. a3 b5 12. b4 Bb7 13. Nd2 Rac8 14. Rc1 Nd7 15.
Nb3 Nb6 16. Nc5 Rc7 17. Bxb5 Nb8 18. Bd3 f5 19. f4 Rf6 20. Qe2 N6d7 21. N3a4 a5
22. b5 Ba8 23. Qd2 Ra7 24. Rb1 Nb6 25. Nxb6 Qxb6 26. Na4 Qd6 27. b6 Re7 28.
Qxa5 Bb7 29. Nc5 Nc6 30. Qb5 Rf8 31. Rfc1 Nxd4 32. exd4 Qxf4 33. Qb4 h5 34. Kh1
h4 35. h3 Qg5 36. Nxb7 Rxb7 37. Rc7 Rfb8 38. Qd6 Rxc7 39. Qxc7 Rf8 40. b7 1-0

[Event "4NCL Division 3 North"]
[Site "Bolton, ENG"]
[Date "2017.02.12"]
[Round "6.33"]
[White "Bramson, Mike"]
[Black "McCumiskey, Andrew P"]
[Result "1/2-1/2"]
[WhiteElo "1899"]
[BlackElo "2065"]
[Annotator "Barnes,Lara"]
[PlyCount "82"]
[EventDate "2017.02.12"]
[WhiteTeam "Bradford DCA Knights B"]
[BlackTeam "Hounds and Bears"]

1. e4 d6 2. d4 g6 3. Nc3 Bg7 4. Be3 a6 5. Qd2 b5 6. a3 Nd7 7. Bd3 c5 8. Nf3 Bb7
9. O-O Ngf6 10. e5 Nd5 11. exd6 exd6 12. Bh6 O-O 13. Bxg7 Kxg7 14. Be4 N7f6 15.
Bxd5 Bxd5 16. Nxd5 Nxd5 17. dxc5 dxc5 18. Rad1 Nf6 19. Qg5 Qc7 20. Nh4 Ne4 21.
Qg4 Nf6 22. Nf5+ Kh8 23. Qh4 Qe5 24. Nd6 Ra7 25. Rd3 c4 26. Rf3 Qxd6 27. Rxf6
Qe5 28. c3 Kg7 29. Rf3 Rd7 30. Re3 Qf6 31. Qe4 Rfd8 32. Rfe1 Rd2 33. R3e2 Qg5
34. h4 Qf6 35. g3 R8d6 36. Rxd2 Rxd2 37. Re2 Rxe2 38. Qxe2 Qf5 39. Kg2 h5 40.
Qd2 Qe5 41. f3 Kf6 1/2-1/2

[Event "4NCL Division 3 North"]
[Site "Bolton, ENG"]
[Date "2017.02.12"]
[Round "6.34"]
[White "Staples, Maurice J"]
[Black "Slinger, Tony J"]
[Result "1-0"]
[WhiteElo "2035"]
[BlackElo "1899"]
[Annotator "Barnes,Lara"]
[PlyCount "121"]
[EventDate "2017.02.12"]
[WhiteTeam "Hounds and Bears"]
[BlackTeam "Bradford DCA Knights B"]

1. e4 e5 2. Nf3 Nc6 3. d4 exd4 4. Nxd4 Nf6 5. Nxc6 bxc6 6. Bd3 d5 7. e5 Ng4 8.
Qe2 Bc5 9. O-O Qh4 10. h3 Nh6 11. Be3 Bxe3 12. Qxe3 O-O 13. Nd2 Re8 14. Rfe1 a5
15. Nf3 Qe7 16. Rac1 Nf5 17. Qf4 g6 18. c4 Ng7 19. Nd4 Ne6 20. Qe3 Nxd4 21.
Qxd4 Rd8 22. cxd5 cxd5 23. Qc5 Qxc5 24. Rxc5 Ra7 25. Rec1 Rd7 26. Bb5 Re7 27.
Rxd5 Be6 28. Rd8+ Kg7 29. b3 f6 30. exf6+ Kxf6 31. Rf8+ Kg7 32. Re8 Kf7 33.
Rxe7+ Kxe7 34. Bc4 Bxc4 35. Rxc4 Kd6 36. Kf1 c5 37. Ke2 Re7+ 38. Kf3 Kc6 39.
Re4 Rd7 40. Re2 Kb5 41. Re4 Rd2 42. a4+ Kc6 43. Re6+ Kd5 44. Rb6 Rb2 45. Ke3
Ra2 46. Rb5 Rb2 47. h4 Rc2 48. g3 Rc3+ 49. Kf4 Kd4 50. f3 Kd5 51. g4 Kd4 52. h5
gxh5 53. gxh5 c4 54. bxc4 Rxc4 55. Rxa5 Kd3+ 56. Kg5 Ke3 57. f4 Kf3 58. h6 Kg3
59. f5 Rh4 60. Ra7 Rg4+ 61. Kf6 1-0

[Event "4NCL Division 3 North"]
[Site "Bolton, ENG"]
[Date "2017.02.12"]
[Round "6.35"]
[White "Johnson, Paul A"]
[Black "Karim, Ammar"]
[Result "1-0"]
[WhiteElo "1868"]
[BlackElo "1982"]
[Annotator "Barnes,Lara"]
[PlyCount "71"]
[EventDate "2017.02.12"]
[WhiteTeam "Bradford DCA Knights B"]
[BlackTeam "Hounds and Bears"]

1. d4 d5 2. c4 e6 3. Nc3 c6 4. e3 Nd7 5. Nf3 Bd6 6. Bd3 Nf8 7. O-O Ne7 8. e4 f6
9. exd5 exd5 10. Re1 Kf7 11. Qb3 Qb6 12. Qc2 Qd8 13. Bd2 Nfg6 14. g3 Bg4 15.
Re3 Qd7 16. Qb3 Bc7 17. cxd5 cxd5 18. Rae1 Rad8 19. Nh4 Rhe8 20. Bb5 Nc6 21.
Nxd5 Rxe3 22. Rxe3 Nxd4 23. Bxd7 Nxb3 24. Bxg4 Ne5 25. Rxb3 Nxg4 26. Rxb7 Rxd5
27. Rxc7+ Ke6 28. Bb4 f5 29. Rxg7 a5 30. Bc3 h5 31. Nf3 f4 32. h3 Rd1+ 33. Kg2
Ne3+ 34. fxe3 fxe3 35. Nd4+ Kd5 36. Kf3 1-0

[Event "4NCL Division 3 North"]
[Site "Bolton, ENG"]
[Date "2017.02.12"]
[Round "6.36"]
[White "McPeake, Felix"]
[Black "Dean, Robert A"]
[Result "1/2-1/2"]
[WhiteElo "1952"]
[BlackElo "1841"]
[PlyCount "47"]
[EventDate "2017.02.12"]
[WhiteTeam "Hounds and Bears"]
[BlackTeam "Bradford DCA Knights B"]

1. f4 d5 2. Nf3 Nf6 3. g3 g6 4. Bg2 Bg7 5. O-O O-O 6. d3 c5 7. c3 Nc6 8. Qe1
Qb6 9. Na3 c4+ 10. Kh1 cxd3 11. exd3 Bf5 12. Qe2 Qa6 13. Rd1 Rfe8 14. Bf1 Bg4
15. b4 Qa4 16. d4 Ne4 17. Bb2 Nxc3 18. Bxc3 Qxa3 19. Rd3 Nxb4 20. Re3 Qa4 21.
Rb1 Nxa2 22. Ba1 Rac8 23. Qb5 Qxb5 24. Bxb5 1/2-1/2

[Event "4NCL Division 3 North"]
[Site "Bolton, ENG"]
[Date "2017.02.12"]
[Round "6.41"]
[White "Clarke, Stuart W"]
[Black "White, Mark W"]
[Result "1/2-1/2"]
[WhiteElo "2249"]
[BlackElo "2025"]
[Annotator "Barnes,Lara"]
[PlyCount "105"]
[EventDate "2017.02.12"]
[WhiteTeam "3Cs 2"]
[BlackTeam "Jorvik"]

1. e4 c5 2. c3 e6 3. d4 d5 4. exd5 exd5 5. Nf3 Nf6 6. Bg5 cxd4 7. Nxd4 Be7 8.
Na3 O-O 9. Nac2 Qb6 10. Rb1 Na6 11. Be2 Nc7 12. O-O Re8 13. Bf3 Ne4 14. Bxe7
Rxe7 15. Re1 Qg6 16. Ne3 Bd7 17. Qc2 Rae8 18. Rbd1 a6 19. h4 Nf6 20. Qxg6 hxg6
21. Ne2 Bf5 22. Nf4 Re5 23. Kf1 Be4 24. Bxe4 dxe4 25. Rd6 g5 26. hxg5 Rxg5 27.
Rb6 Rb5 28. Rxb5 Nxb5 29. Rd1 Re7 30. Ke2 Nc7 31. Rd6 Rd7 32. Nc4 Rxd6 33. Nxd6
b5 34. Nh3 Ne6 35. Ke3 Nc5 36. b3 Kf8 37. b4 Na4 38. Kd4 Nb6 39. Ng5 e3 40.
fxe3 Ng4 41. Ngxf7 Ke7 42. e4 Ke6 43. e5 Nxe5 44. Nxe5 Kxd6 45. Nd3 Nd5 46. Nc5
Nf4 47. g4 Ne2+ 48. Ke3 Nxc3 49. Ne4+ Nxe4 50. Kxe4 Ke6 51. Kf4 Kf6 52. g5+ Ke6
53. Ke4 1/2-1/2

[Event "4NCL Division 3 North"]
[Site "Bolton, ENG"]
[Date "2017.02.12"]
[Round "6.42"]
[White "Hodge, Steve R"]
[Black "Siddall, Phil L"]
[Result "1-0"]
[WhiteElo "2042"]
[BlackElo "2155"]
[PlyCount "61"]
[EventDate "2017.02.12"]
[WhiteTeam "Jorvik"]
[BlackTeam "3Cs 2"]

1. e4 c5 2. Nc3 Nc6 3. g3 g6 4. Bg2 Bg7 5. d3 d6 6. f4 e6 7. Nf3 Nge7 8. O-O
O-O 9. Be3 Nd4 10. e5 Nef5 11. Bf2 Nxf3+ 12. Qxf3 Nd4 13. Qd1 dxe5 14. fxe5
Bxe5 15. Na4 Bd7 16. c3 Nf5 17. Nxc5 Bc6 18. Ne4 Qc7 19. d4 Bg7 20. g4 Nd6 21.
Bg3 Bxe4 22. Bxe4 e5 23. Bd5 exd4 24. Qb3 dxc3 25. bxc3 Qd7 26. Rad1 Qxg4 27.
Bf3 Qg5 28. Rxd6 h5 29. Kh1 h4 30. Rd5 Qe7 31. Bd6 1-0